000 00201 a2200097 4500
001 4602
100 _aAgnew,R.P
245 _aDifferential equations
260 _a
_bMcgrawhill
_c
090 _c3796
_d3796
942 _aNUST-CAE
_cM
_c30040
999 _c239675
_d239675